000 00348nam a2200145Ia 4500
008 230917s9999||||xx |||||||||||||| ||und||
040 _e110764
_aMAIN
041 _aEnglish
082 _a301.412 R141W
100 _aRam, S, Ed.
245 0 _aWomen and social change
260 _aNew Delhi
_bCommonwealh
_c2005
300 _a346 p.
942 _cBK
999 _c131366
_d131366